000
00347 a2200157 4500
001
194565
020
_a
9788561167967
040
_c
Magnum
100
_a
Barros, Sônia
240
1
0
_a
Nas asas do Haicai
_l
por
245
1
0
_a
Nas asas do Haicai
300
_a
64
362
0
_a
2016
697
_a
LÍNGUA - LINGÜÍSTICA - LITERATURA
942
_c
BK
999
_c
194565
_d
194565